Endophytic bacteria as potential biocontrol agents against major pathogens and their growth promotion in rubber (Hevea brasiliensis) (Record no. 74631)

MARC details
000 -LEADER
fixed length control field 00506nam a2200133Ia 4500
100 ## - MAIN ENTRY--AUTHOR NAME
Personal name Amith Abraham
245 #0 - TITLE STATEMENT
Title Endophytic bacteria as potential biocontrol agents against major pathogens and their growth promotion in rubber (Hevea brasiliensis)
260 ## - PUBLICATION, DISTRIBUTION, ETC. (IMPRINT)
Name of publisher Mahatma Gandhi University
Place of publication Kottayam
Year of publication 2007
500 ## - GENERAL NOTE
General note Available in Pathology division
500 ## - GENERAL NOTE
General note Course: M.Phil
700 ## - ADDED ENTRY--PERSONAL NAME
Personal name Dr Shaji Philip and Dr Kochuthresiamma Joseph
942 ## - ADDED ENTRY ELEMENTS (KOHA)
Koha item type Theses
Holdings
Withdrawn status Lost status Damaged status Not for loan Collection code Home library Current library Shelving location Date acquired Koha item type
      Theses Thesis RRII Library RRII Library Crop protection 31/12/2021 Theses